| 000 | 00557nam a2200229Ia 4500 | ||
|---|---|---|---|
| 008 | 170918s9999 xx 000 0 und d | ||
| 020 | _a590307207 | ||
| 050 | _bP639ri 2000 | ||
| 100 | _aPilkey, Dav | ||
| 245 | _aRicky Ricotta's mighty robot : | ||
| 245 | _bthe first adventure novel / | ||
| 245 | _cby Dav Pilkey. | ||
| 260 | _aNew York : | ||
| 260 | _bScholastic, | ||
| 260 | _c2000 | ||
| 300 | _a111 pages : | ||
| 300 | _billustrations ; | ||
| 300 | _c19cm. | ||
| 300 | _eRicky Ricotta's mighty robot ; | ||
| 440 | _a1 | ||
| 500 | _a340 | ||
| 999 |
_c343803 _d343803 |
||